000 00734nam a2200241Ia 4500
003 OSt
005 20220923224947.0
006 a|||||r|||| 00| 0
007 ta
008 220922b |||||||| |||| 00| 0 hin d
024 _a254,314
037 _cTextual
040 _aARTS
_cARTS
_bhin
041 _2hin
_ahin
082 _aO152,3N31:g, M7
100 _aराजूरकर, अनीता
_9156369
245 0 _aकथाकार मन्नू भंडारी
246 _aKathākār hinnū bhanḍārī
260 _c1987
650 _aहिन्दी साहित्य
_9156264
942 _hO152,3N31:g, M7
_cTEXL
_2CC
999 _c374995
_d374995